000 00297nam a22001337a 4500
008 181011b xxu||||| |||| 00| 0 eng d
020 _a0801612144
041 _aeng
080 _a617
100 _a6
101 _aSHF
245 _aThe Obstetric Anesthesia Handbook
_cDatta, S
942 _2udc
_cBK
999 _c49364
_d49364